| 000 | 00536nam a2200157 i 4500 | ||
|---|---|---|---|
| 001 | 46062 | ||
| 003 | ES-MaACL | ||
| 005 | 20230906161325.0 | ||
| 007 | t| | ||
| 008 | 030327s1968 sp ||||1| spa d | ||
| 111 | 2 |
_aConcurso de Embellecimiento de Pueblos y Conjuntos Urbanos ( _n4º. _d1968. _cPamplona) _9127 |
|
| 245 | 1 | 0 | _aIV Concurso de embellecimiento de pueblos y conjuntos urbanos. |
| 260 |
_a[Pamplona] : _bDiputación Foral de Navarra, _c1968. |
||
| 300 |
_a8 h. : _b3 lám. ; _c22 cm. |
||
| 852 |
_aES-MaACL _j2062-F-21 _bR.65576 |
||
| 999 |
_c46062 _d46062 |
||